书目信息 |
| 题名: |
解放战争全记录.卷四 挥师决战
|
|
| 作者: | 赵鲁杰 著 | |
| 分册: | ||
| 出版信息: | 成都 四川人民出版社 1999.09 |
|
| 页数: | 482页 | |
| 开本: | 32开 | |
| 丛书名: | ||
| 单 册: | ||
| 中图分类: | K266.6 | |
| 科图分类: | ||
| 主题词: | 中国--历史 | |
| 电子资源: | ||
| ISBN: | 7-220-04529-8 | |
| 000 | 00583nam0 2200193 45 | |
| 001 | 0011150812 | |
| 005 | 20001115085903.9 | |
| 010 | @a7-220-04529-8@d25.00元 | |
| 100 | @a20001115d1999 km y0chiy0120 ea | |
| 101 | 0 | @achi |
| 105 | @a z 000yy | |
| 200 | 1 | @a解放战争全记录.卷四 挥师决战@AJie Fang Zhan Zheng Quan Ji Lu.Juan Si Hui Shi Jue Zhan@f赵鲁杰 著@FZhao Lu Jie Zhu |
| 210 | @a成都@c四川人民出版社@d1999.09 | |
| 215 | @a482页@d32开 | |
| 606 | 0 | @a中国@x历史 |
| 690 | @aK266.6@v3 | |
| 701 | 0 | @a赵鲁杰@4著 |
| 801 | @aCN@bPftUser@c20001115 | |
| 905 | @b408782@dK266.6@eZH349@f1 | |
| 解放战争全记录.卷四 挥师决战/赵鲁杰 著.-成都:四川人民出版社,1999.09 |
| 482页;32开 |
| ISBN 7-220-04529-8:25.00元 |
| ● |
| 相关链接 |
|
|
|
正题名:解放战争全记录·卷四挥师决战
索取号:K266.6/ZH349
 
预约/预借
| 序号 | 登录号 | 条形码 | 馆藏地/架位号 | 状态 | 备注 |
| 1 | 408782 | 204087825 | 社科库309/309社科库 37排2列3层/ [索取号:K266.6/ZH349] | 在馆 |